| 000 | 01109nam a2200289 i 4500 | ||
|---|---|---|---|
| 001 | 135033 | ||
| 003 | ES-MaACL | ||
| 005 | 20250729030352.0 | ||
| 007 | t| | ||
| 008 | 070705s1949 sp af |||| |bspa d | ||
| 080 | _a096.1 | ||
| 100 | 1 |
_aThomas, Henry. _9110018 |
|
| 245 | 1 | 0 |
_aJuan de Vingles _b: ilustrador de libros españoles en el siglo XVI / _cEnrique Thomas. |
| 260 |
_aValencia : _bCastalia, _c1949 ( _fTip. Moderna) |
||
| 300 |
_a81 p., [21] p. de lám. ; _c18 cm. |
||
| 490 | 1 |
_aIbarra. _aColección de opúsculos para bibliófilos ; _v5 |
|
| 594 | _a"Discurso leído ante la Bibliographical Society, el 15 de marzo de 1937" | ||
| 595 | _aEjemplar numerado. | ||
| 598 | _aDir. literaria: A. Rodríguez-Moñino. | ||
| 599 | _aRetr. de: Juan de Icíar. | ||
| 600 | 1 | 4 |
_aVingles, Jean de. _9142525 |
| 650 | 1 | 4 |
_aIlustración de libros- _zEspaña- _yS.XV-XVI. _913592 |
| 650 | 0 | 7 |
_aBibliofilia _2embne _910514 |
| 830 | 0 |
_aIbarra. _aColección de opúsculos para bibliófilos ; _v5 _9219890 |
|
| 852 |
_aES-MaACL _jC-29954 _z.- Donat. José Antonio Llardent |
||
| 999 |
_c135033 _d135033 |
||